Miasta nad Wartą - nagła śmierć - Statystyki

Ogólne statystyki
  • Ten quiz został rozwiązany 75 razy
  • Średni wynik to 4 z 12
Answers on the Grid
Answers color-coded by a green-red scale on the quiz's grid according to % correct below.
Bydgoszcz
Częstochowa
Dąbrowa Górnicza
Gniezno
Gorzów Wielkopolski
Kalisz
Koło
Konin
Kostrzyn nad Odrą
Łódź
Międzychód
Myszków
Oborniki
Piła
Poznań
Sieradz
Śrem
Września
Zawiercie
Zielona Góra
 
Statystyki odpowiedzi
Odpowiedź % Poprawnych
Poznań
80%
Częstochowa
44%
Gorzów Wielkopolski
44%
Sieradz
40%
Śrem
40%
Konin
31%
Oborniki
29%
Zawiercie
29%
Kostrzyn nad Odrą
24%
Międzychód
24%
Koło
22%
Myszków
20%
Nie znaleziono quizów pasujących do podanych kryteriów
Rozkład punktacji
Procent ludzi z każdym wynikiem
Percentyl według liczby udzielonych odpowiedzi
Twoja historia wyników
Nie rozwiązałeś tego quizu